| 000 | 00696nam a2200217 a 4500 | ||
|---|---|---|---|
| 999 |
_c2597 _d2597 |
||
| 001 | 2597 | ||
| 003 | BD-JhCC | ||
| 005 | 20171105095457.0 | ||
| 008 | 171105s1973 bg |||| |||| 000 0 ben d | ||
| 035 | _a(BD-JhCC)2597 | ||
| 040 |
_aBD-JhCC _dBD-JhCC |
||
| 041 | _aben | ||
| 082 |
_a891.443 _bSID 1973 |
||
| 100 | _aসিদ্দিকী, আনিস | ||
| 245 |
_aবিচারের বাণী নীরবে কাঁদে / _c আনিস সিদ্দিকী |
||
| 260 |
_aঢাকা : _bপূরবী পাবলশার্স, _c১৯৭৩. |
||
| 300 |
_a১৮৪ পৃ. : _c২১ সেমি. |
||
| 650 | _aBengali novel | ||
| 942 |
_2ddc _cBK |
||